000 00520nam a2200181 a 4500
001 000032692
005 20200930065759.0
008 100222s1917 dr 001 0 spa d
040 _aDO-SdBNP
_bspa
_cBNPHU
082 _axxxx
_bR426l
110 1 _aRepública Dominicana
_9447
240 1 3 _a[Leyes etc.]
245 1 0 _aLey de Registro de marcas de fabrica y de comercio.
250 _aed. Oficial
260 _aSanto Domingo :
_b"El Progreso" de Emiliano Espinal,
_c1917.
300 _a19 p. ;
_c24 cm.
049 _aBNPD
999 _c32183
_d32183